Music Quiz

Random Music or Kpop Quiz
Score 0/40 Timer 20:00
0 Plays Today
% Correct
Jaehyun
100%
Jaehyun
98.5%
Jaemin
98.5%
Jaehyun
98.5%
Taeyong
98.5%
Mark
98.5%
Lucas
98.5%
Yuta
98.5%
Kun
97%
Chenle
96.3%
Baby Don't Like It
96.3%
Drippin'
96.3%
Lucas
96.3%
Jaehyun
96.3%
Taeyong
96.3%
Mark
96.3%
Ten
96.3%
Taeil
95.5%
Xiaojun
94.8%
Doyoung
94.8%
% Correct
Baby Don't Stop
94%
Cherry Bomb
93.3%
Chenle
92.5%
Fire Truck
91%
Taeyong- Cherry Bomb
91%
Simon Says
90.3%
GO
89.6%
We Go Up
89.6%
We Go Up
89.6%
Take Off
88.8%
Johnny
88.8%
Jeno
87.3%
Take Off
86.6%
Jaemin + Jeno
81.3%
Without You
81.3%
Yestoday
81.3%
I Just Want Some Milk
79.1%
Timeless
74.6%
Let Me Love U
55.2%
Let Me Love U
54.5%

You're not logged in!

Compare scores with friends on all Sporcle quizzes.
OR
Log In

Sporcle TV

Today on Sporcle TV


Watch our educational content, quiz creation guides, and fun videos on Sporcle TV.

Show Comments

Extras

Top Quizzes Today


Score Distribution

Paid Content

Your Account Isn't Verified!

In order to create a playlist on Sporcle, you need to verify the email address you used during registration. Go to your Sporcle Settings to finish the process.

Report this User

Report this user for behavior that violates our Community Guidelines.

Details: